Engineering Drawing (Record no. 1167)

MARC details
000 -LEADER
fixed length control field 00388nam a22001697a 4500
005 - DATE AND TIME OF LATEST TRANSACTION
control field 20211005100320.0
008 - FIXED-LENGTH DATA ELEMENTS--GENERAL INFORMATION
fixed length control field 160520b xxu||||| |||| 00| 0 eng d
020 ## - INTERNATIONAL STANDARD BOOK NUMBER
ISBN 978-93-80358-17-8
041 ## - LANGUAGE CODE
Language code of text/sound track or separate title eng
082 ## - DEWEY DECIMAL CLASSIFICATION NUMBER
Item number 3393
100 ## - MAIN ENTRY--AUTHOR NAME
Personal name Bhatt N.D
245 ## - TITLE STATEMENT
Title Engineering Drawing
260 ## - PUBLICATION, DISTRIBUTION, ETC. (IMPRINT)
Name of publisher Charotas Pub.
300 ## - PHYSICAL DESCRIPTION
Number of Pages 712
650 ## - SUBJECT ADDED ENTRY--TOPICAL TERM
Topical Term DIPLOMA ENGINEERING
942 ## - ADDED ENTRY ELEMENTS (KOHA)
Koha item type Books
Holdings
Lost status Damaged status Home library Current library Shelving location Date acquired Cost, normal purchase price Full call number Accession Number Koha item type Collection code Source of acquisition
    JRU Library   SHELF-48-I 20/05/2016 200.00 3393 3393 Books    
    JRU Library   SHELF-48-I 20/05/2016 200.00 3393 3394 Books    
    JRU Library   SHELF-48-I 20/05/2016 200.00 3393 3395 Books    
    JRU Library JRU Library SHELF-59-J 20/05/2016 200.00 3393 3396 Books MINING PURCHASE
    JRU Library   SHELF-48-I 20/05/2016 200.00 3393 3397 Books    
    JRU Library   SHELF-48-I 20/05/2016 200.00 3393 3398 Books    
    JRU Library   SHELF-48-I 20/05/2016 200.00 3393 3399 Books    
    JRU Library   SHELF-48-I 20/05/2016 200.00 3393 3400 Books    
    JRU Library   SHELF-48-I 20/05/2016 200.00 3393 3401 Books    
    JRU Library   SHELF-48-I 20/05/2016 200.00 3393 3402 Books